| 000 | 01089nam a22002415i 4500 | ||
|---|---|---|---|
| 001 | 162569 | ||
| 003 | ES-MaACL | ||
| 005 | 20250804062754.0 | ||
| 008 | 041117s1777 xxk |||| | eng d | ||
| 040 |
_aCAM _bspa _cCAM |
||
| 100 | 1 |
_aPriestley, Joseph. _9131369 |
|
| 245 | 1 | 4 |
_aThe doctrine of philosophical necessity illustrated _b: being an appendix to the disquisitions relating to Matter and Spirit : to wich is added An Answer to the letters on materialism and on Hartley's theory of the Mind / _cby Joseph Priestley. |
| 260 |
_aLondon : _b[s.n.], _c1777 ( _fprinted for J. Johnson _c1777. |
||
| 300 |
_aXXXIV, [2], 206, [2] p. ; _c8º. |
||
| 597 | _aSign.: a-b8, c2, A-O8. | ||
| 597 | _aAntep. | ||
| 597 | _aLa segunda obra con portadilla propia, comienza en la p. [167] | ||
| 650 | 0 | 7 |
_aMaterialismo _2embne _914847 |
| 650 | 0 | 7 |
_aFilosofía _2embne _912802 |
| 700 | 1 | 1 |
_aHartley, David. _tAnswer to the letters on materialism and on Hartley's theory of the Mind. _9127800 |
| 852 |
_aES-MaACL _jR-1153 _z-- Enc. piel _x Olim: G-10896 |
||
| 999 |
_c162569 _d162569 |
||